[Event "36th Teams Ch-GR"]
[Site "Kallithea Halkidiki"]
[Date "2008.07.07"]
[Round "3.4"]
[White "Gogolis, Alexandros"]
[Black "Georgiev, Krum"]
[Result "1/2-1/2"]
[WhiteElo "2283"]
[BlackElo "2446"]
[PlyCount "27"]
[EventDate "2008.07.06"]
[WhiteTeam "SO ILIOUPOLIS"]
[BlackTeam "SA THES/NIKIS O GALAXIAS"]

1. d4 Nf6 2. Nf3 g6 3. Bg5 Bg7 4. c3 d6 5. Nbd2 O-O 6. e4 h6 7. Bh4 Nbd7 8. Be2
e5 9. dxe5 dxe5 10. O-O Qe8 11. Re1 Nc5 12. Qc2 a5 13. Bf1 Bd7 14. Nc4 1/2-1/2

[Event "36th Teams Ch-GR"]
[Site "Kallithea Halkidiki"]
[Date "2008.07.07"]
[Round "3.5"]
[White "Tsarouhas, Konstantinos"]
[Black "Oreopoulos, Konstantinos"]
[Result "0-1"]
[WhiteElo "2240"]
[BlackElo "2284"]
[PlyCount "64"]
[EventDate "2008.07.06"]
[WhiteTeam "SA CHANION"]
[BlackTeam "ES KALAMARIAS"]

1. c4 e5 2. Nc3 Nc6 3. g3 f5 4. Bg2 Nf6 5. a3 g6 6. e3 Bg7 7. Nge2 O-O 8. d4 d6
9. O-O Bd7 10. b4 Qe8 11. b5 Nd8 12. a4 Be6 13. dxe5 dxe5 14. Nd5 Rc8 15. Nxf6+
Bxf6 16. Bd5 Rf7 17. Ba3 c6 18. Bxe6 Qxe6 19. Rc1 Rd7 20. Qe1 Nf7 21. Qb4 Ng5
22. Rfd1 c5 23. Qb3 Rf7 24. Rd5 f4 25. exf4 Nh3+ 26. Kf1 b6 27. Re1 Re8 28.
fxe5 Bg5 29. f4 Qg4 30. Bc1 Ref8 31. Qd3 Bxf4 32. Nxf4 Rxf4+ 0-1

[Event "36th Teams Ch-GR"]
[Site "Kallithea Halkidiki"]
[Date "2008.07.07"]
[Round "3.5"]
[White "Prentos, Konstantinos"]
[Black "Kalaitzoglou, Panayotis"]
[Result "1-0"]
[WhiteElo "2271"]
[BlackElo "2198"]
[PlyCount "37"]
[EventDate "2008.07.06"]
[WhiteTeam "ES KALAMARIAS"]
[BlackTeam "SA CHANION"]

1. e4 e5 2. Nf3 Nc6 3. Bb5 a6 4. Ba4 Nf6 5. d4 exd4 6. O-O Nxe4 7. Re1 d5 8.
Nxd4 Bc5 9. Bxc6+ bxc6 10. f3 O-O 11. fxe4 dxe4 12. Be3 Bg4 13. Qxg4 Bxd4 14.
c3 f5 15. Qe2 Be5 16. Bf2 Qd6 17. h3 Qh6 18. Nd2 Qg5 19. Nc4 {43 moves} 1-0

[Event "36th Teams Ch-GR"]
[Site "Kallithea Halkidiki"]
[Date "2008.07.07"]
[Round "3.5"]
[White "Kiratzopoulos, Efthimios"]
[Black "Fragakis, Efstratios"]
[Result "1/2-1/2"]
[WhiteElo "2125"]
[BlackElo "2105"]
[PlyCount "62"]
[EventDate "2008.07.06"]
[WhiteTeam "ES KALAMARIAS"]
[BlackTeam "SA CHANION"]

1. d4 d5 2. Nf3 Nf6 3. Bg5 Ne4 4. Bf4 c5 5. c3 Qb6 6. Qb3 c4 7. Qxb6 axb6 8.
Nbd2 Nxd2 9. Kxd2 Nc6 10. g3 h6 11. h4 Bf5 12. Bh3 Bxh3 13. Rxh3 b5 14. Ne5 Na5
15. Re1 Nc6 16. a3 Nxe5 17. Bxe5 Kd7 18. e4 e6 19. g4 f6 20. Bf4 Re8 21. Rhe3
Bd6 22. e5 Be7 23. h5 Rhf8 24. Ke2 Rf7 25. exf6 Bxf6 26. Be5 Ree7 27. Kf1 Bxe5
28. Rxe5 Rf4 29. g5 Rf5 30. gxh6 gxh6 31. Ke2 Kd6 1/2-1/2

[Event "36th Teams Ch-GR"]
[Site "Kallithea Halkidiki"]
[Date "2008.07.07"]
[Round "3.6"]
[White "Kiriakopoulos, Antonios"]
[Black "Henrichs, Thomas"]
[Result "0-1"]
[WhiteElo "2055"]
[BlackElo "2491"]
[PlyCount "56"]
[EventDate "2008.07.06"]
[WhiteTeam "NO KALAMATAS O POSEIDON"]
[BlackTeam "OS TRIANDRIAS"]

1. e4 c5 2. c3 Nf6 3. e5 Nd5 4. Nf3 Nc6 5. Bc4 Nb6 6. Bb3 d5 7. exd6 Qxd6 8.
O-O Be6 9. Na3 Bxb3 10. axb3 Qd3 11. Re1 Rd8 12. Qe2 Qxe2 13. Rxe2 Na5 14. d4
Nxb3 15. Rb1 cxd4 16. Nxd4 Nxd4 17. cxd4 e6 18. Rc2 Be7 19. Be3 Nd5 20. Rbc1
Bxa3 21. bxa3 Kd7 22. Rb2 b6 23. Bd2 Rc8 24. Rxc8 Rxc8 25. Kf1 Rc4 26. Ke2 Rxd4
27. Rc2 Ra4 28. Bc1 b5 0-1

[Event "36th Teams Ch-GR"]
[Site "Kallithea Halkidiki"]
[Date "2008.07.07"]
[Round "3.6"]
[White "Psomiadis, Stavros"]
[Black "Lambropoulos, Evangelos"]
[Result "1-0"]
[WhiteElo "2202"]
[BlackElo "2128"]
[PlyCount "97"]
[EventDate "2008.07.06"]
[WhiteTeam "OS TRIANDRIAS"]
[BlackTeam "NO KALAMATAS O POSEIDON"]

1. Nf3 Nf6 2. b3 g6 3. Bb2 Bg7 4. e3 d6 5. d4 O-O 6. Be2 b6 7. O-O Bb7 8. c4
Nbd7 9. Nbd2 c5 10. Rc1 a5 11. a4 cxd4 12. exd4 Re8 13. d5 Nc5 14. Nd4 e5 15.
dxe6 fxe6 16. N2f3 Nfe4 17. Ba3 Bh6 18. Rc2 Qf6 19. Nb5 Rad8 20. Bb2 Qf7 21.
Bc1 Bg7 22. Ng5 Qe7 23. Nxe4 Nxe4 24. Be3 Nc5 25. Rd2 d5 26. Bf3 dxc4 27. Bxc5
bxc5 28. Bxb7 Rxd2 29. Qxd2 Qxb7 30. bxc4 Qb6 31. Rd1 Bf6 32. Qe2 Bd4 33. Nxd4
cxd4 34. Qe5 d3 35. Qb5 Rb8 36. g3 Qc7 37. Qa6 Rb6 38. Qxa5 Rc6 39. Qxc7 Rxc7
40. Rxd3 Rxc4 41. Ra3 Rc6 42. a5 Ra6 43. Kf1 Kf7 44. Ke2 Ke7 45. Kd3 Kd7 46.
Kc4 Kc7 47. Kb5 Ra8 48. Rc3+ Kb7 49. Rf3 1-0

[Event "36th Teams Ch-GR"]
[Site "Kallithea Halkidiki"]
[Date "2008.07.07"]
[Round "3.7"]
[White "Tzermiadianos, Andreas"]
[Black "Tsiamis, Konstantinos"]
[Result "1/2-1/2"]
[WhiteElo "2455"]
[BlackElo "2303"]
[PlyCount "74"]
[EventDate "2008.07.06"]
[WhiteTeam "PS PERISTERIOU"]
[BlackTeam "EES KORYDALLOU"]

1. e4 e5 2. Nf3 Nc6 3. Bc4 Nf6 4. d4 exd4 5. e5 Ne4 6. Qe2 Nc5 7. O-O Ne6 8.
Bxe6 dxe6 9. Rd1 Be7 10. Be3 O-O 11. Nxd4 Nxd4 12. Rxd4 Qe8 13. Nc3 Bd7 14.
Rad1 Bc6 15. Ne4 Rd8 16. Qg4 Rxd4 17. Rxd4 Bxe4 18. Qxe4 Qb5 19. b3 c5 20. Rd2
Rd8 21. Rxd8+ Bxd8 22. g3 Be7 23. Kg2 h5 24. h3 Qd7 25. a4 g6 26. g4 hxg4 27.
hxg4 Kg7 28. Kf1 Qd1+ 29. Kg2 Qd7 30. f3 Qd1 31. Qd3 Qxd3 32. cxd3 Kf8 33. f4
Ke8 34. Kf3 Kd7 35. Ke4 Kc6 36. Bd2 b6 37. Bc3 a6 1/2-1/2

[Event "36th Teams Ch-GR"]
[Site "Kallithea Halkidiki"]
[Date "2008.07.07"]
[Round "3.7"]
[White "Katsiris, Ioannis"]
[Black "Mihailidis, Anastacios"]
[Result "1/2-1/2"]
[WhiteElo "2136"]
[BlackElo "2265"]
[PlyCount "83"]
[EventDate "2008.07.06"]
[WhiteTeam "EES KORYDALLOU"]
[BlackTeam "PS PERISTERIOU"]

1. e4 e5 2. Bc4 Nf6 3. d3 Nc6 4. Nc3 Na5 5. Qf3 d6 6. h3 Be7 7. Nge2 Nxc4 8.
dxc4 c6 9. O-O Be6 10. b3 O-O 11. Rd1 Qc7 12. Ng3 Rfd8 13. Nf5 Bxf5 14. Qxf5 b5
15. Bg5 bxc4 16. Bxf6 Bxf6 17. bxc4 Qa5 18. Rd3 Qc5 19. Rg3 Be7 20. Qg4 g6 21.
Qe2 Rab8 22. Nd1 Rb4 23. Ne3 Qd4 24. Rd1 Qb2 25. Qd2 Bf8 26. Ng4 Bg7 27. Rb3
Rxb3 28. axb3 h5 29. Qg5 Rd7 30. Nf6+ Bxf6 31. Qxf6 Qxc2 32. Rxd6 Rxd6 33. Qxd6
Qxe4 34. Qb8+ Kg7 35. Qxa7 Qb1+ 36. Kh2 Qxb3 37. Qc5 Qb2 38. f3 e4 39. fxe4 Qf6
40. e5 Qe6 41. Qd4 g5 42. c5 1/2-1/2

[Event "36th Teams Ch-GR"]
[Site "Kallithea Halkidiki"]
[Date "2008.07.07"]
[Round "3.7"]
[White "Filippas, Sebastian"]
[Black "Sperdokli, Elli"]
[Result "1-0"]
[WhiteElo "2240"]
[BlackElo "2129"]
[PlyCount "74"]
[EventDate "2008.07.06"]
[WhiteTeam "PS PERISTERIOU"]
[BlackTeam "EES KORYDALLOU"]

1. d4 Nf6 2. c4 e6 3. Nc3 c5 4. d5 exd5 5. cxd5 d6 6. e4 g6 7. f4 Bg7 8. Bb5+
Nfd7 9. a4 Qh4+ 10. g3 Qd8 11. Nf3 O-O 12. O-O a6 13. Be2 Re8 14. Kg2 Nf6 15.
e5 dxe5 16. fxe5 Ng4 17. e6 fxe6 18. Bc4 Kh8 19. Ng5 Ne5 20. Bf4 b5 21. Bxe5
Qxg5 22. Bxg7+ Kxg7 23. Qf3 Qe7 24. axb5 Bb7 25. Rae1 e5 26. Kg1 Nd7 27. Qe3
Nf6 28. bxa6 Bxa6 29. Bxa6 Rxa6 30. Rd1 Rb6 31. Na4 Rb4 32. Nxc5 Ng4 33. Qc3
Reb8 34. h3 Nf6 35. d6 Qa7 36. d7 Ne4 37. Qxe5+ Kh6 1-0

[Event "36th Teams Ch-GR"]
[Site "Kallithea Halkidiki"]
[Date "2008.07.07"]
[Round "3.7"]
[White "Sismanis, Aggelos"]
[Black "Nikomanis, Andreas"]
[Result "1-0"]
[WhiteElo "2191"]
[BlackElo "1984"]
[PlyCount "89"]
[EventDate "2008.07.06"]
[WhiteTeam "EES KORYDALLOU"]
[BlackTeam "PS PERISTERIOU"]

1. d4 Nf6 2. c4 g6 3. Nc3 Bg7 4. e4 d6 5. f3 O-O 6. Be3 e5 7. d5 c6 8. Bd3 Nbd7
9. Nge2 Nh5 10. O-O cxd5 11. cxd5 f5 12. exf5 gxf5 13. b4 Qh4 14. Qe1 Qe7 15.
Rc1 Nb6 16. a4 Qf7 17. a5 Nd7 18. Nb5 e4 19. fxe4 Ne5 20. Bb1 Qg6 21. Rxc8
Raxc8 22. exf5 Qf6 23. Ng3 Nxg3 24. Qxg3 Rc4 25. Bg5 Qf7 26. Nxd6 Qxd5 27. Nxc4
Nxc4 28. Bh6 Qd4+ 29. Kh1 Kh8 30. Qxg7+ Qxg7 31. Bxg7+ Kxg7 32. Bd3 Ne3 33. Rf3
Re8 34. f6+ Kf7 35. h3 h6 36. Kh2 Re5 37. Bg6+ Kf8 38. g4 Nd5 39. h4 Re6 40. g5
hxg5 41. hxg5 Re5 42. Rh3 Re2+ 43. Kg1 Re1+ 44. Kg2 Re2+ 45. Kf1 1-0

[Event "36th Teams Ch-GR"]
[Site "Kallithea Halkidiki"]
[Date "2008.07.07"]
[Round "3.8"]
[White "Postny, Evgeny"]
[Black "Bojkov, Dejan"]
[Result "1-0"]
[WhiteElo "2661"]
[BlackElo "2498"]
[PlyCount "111"]
[EventDate "2008.07.06"]
[WhiteTeam "SO HERAKLIOU"]
[BlackTeam "OFS KAVALAS"]

1. d4 d5 2. c4 c6 3. Nf3 Nf6 4. Nc3 a6 5. c5 Bf5 6. Bf4 e6 7. h3 Nbd7 8. e3 Ne4
9. Nxe4 Bxe4 10. Nd2 e5 11. Bg3 Bf5 12. Qb3 exd4 13. exd4 Ra7 14. Bd3 Bxd3 15.
Qxd3 Be7 16. O-O O-O 17. Rfe1 Re8 18. Nf3 Ra8 19. Re3 Bf6 20. Rxe8+ Qxe8 21.
Re1 Qd8 22. Qb3 b6 23. cxb6 Qxb6 24. Qxb6 Nxb6 25. Be5 Bd8 26. Bb8 Be7 27. Rxe7
Rxb8 28. Ne5 f6 29. Nxc6 Rc8 30. Nb4 a5 31. Nd3 Rc4 32. Nc5 Rxd4 33. Rxg7+ Kh8
34. Rf7 Rd1+ 35. Kh2 Nc4 36. Rxf6 Kg7 37. Rf4 Nxb2 38. g4 Nd3 39. Nxd3 Rxd3 40.
Ra4 Kf6 41. Rxa5 Kg5 42. Rb5 h5 43. gxh5 Kxh5 44. a4 Kg5 45. a5 Kf6 46. Kg2 d4
47. h4 Ra3 48. h5 Kg7 49. Rf5 Kh6 50. Kf1 Ra2 51. Ke1 d3 52. Kd1 Kg7 53. f3 d2
54. Rd5 Kf6 55. h6 Kf7 56. Rg5 1-0

[Event "36th Teams Ch-GR"]
[Site "Kallithea Halkidiki"]
[Date "2008.07.07"]
[Round "3.8"]
[White "Dimitrov, Atanas"]
[Black "Lirindzakis, Timotheos"]
[Result "1-0"]
[WhiteElo "2302"]
[BlackElo "2360"]
[PlyCount "129"]
[EventDate "2008.07.06"]
[WhiteTeam "OFS KAVALAS"]
[BlackTeam "SO HERAKLIOU"]

1. d4 d5 2. Nf3 Nf6 3. c4 c6 4. e3 Bf5 5. Nc3 e6 6. Nh4 Bg6 7. Nxg6 hxg6 8. Qb3
Qc7 9. Bd2 Nbd7 10. h3 Nb6 11. cxd5 exd5 12. Be2 Nc8 13. O-O-O Nd6 14. f3 O-O-O
15. g4 Re8 16. Kb1 Kb8 17. Rc1 Qb6 18. Qc2 Nc4 19. Bxc4 dxc4 20. Na4 Qc7 21.
Qxc4 b5 22. Qb3 Ka8 23. Nc5 Bd6 24. e4 Rd8 25. Be3 Bxc5 26. Rxc5 Qg3 27. Bc1
Rxd4 28. Rxc6 Rhd8 29. Qc2 Kb7 30. Rc5 Nd7 31. Rxb5+ Nb6 32. Qe2 Rd3 33. Be3
Qd6 34. Rc1 Qd7 35. Rbc5 Rd1 36. Bf4 Rxc1+ 37. Rxc1 Rc8 38. Rd1 Qe7 39. b3 Qf6
40. Be3 Qe6 41. Qd3 Rc7 42. Bxb6 Qxb6 43. e5 a6 44. Qe4+ Ka7 45. f4 Qf2 46. f5
gxf5 47. gxf5 Qc5 48. e6 fxe6 49. fxe6 Kb6 50. Re1 Re7 51. h4 Qd6 52. Kb2 Ka7
53. Re2 Kb6 54. Qe3+ Kb7 55. Qe4+ Kb6 56. a3 Ka7 57. Qe5 Qxe5+ 58. Rxe5 Kb6 59.
Kc3 Kc6 60. Kd4 Kd6 61. Rd5+ Kc6 62. Ke5 Rb7 63. b4 Re7 64. Rc5+ Kb6 65. Kd6
1-0

[Event "36th Teams Ch-GR"]
[Site "Kallithea Halkidiki"]
[Date "2008.07.07"]
[Round "3.8"]
[White "Stavrianakis, Ioannis"]
[Black "Markidis, Konstantinos"]
[Result "1-0"]
[WhiteElo "2176"]
[BlackElo "2315"]
[PlyCount "87"]
[EventDate "2008.07.06"]
[WhiteTeam "SO HERAKLIOU"]
[BlackTeam "OFS KAVALAS"]

1. d4 Nf6 2. Bg5 e6 3. c4 Bb4+ 4. Nd2 h6 5. Bh4 Nc6 6. a3 Be7 7. e3 d6 8. Bd3
e5 9. d5 Nb8 10. Bxf6 Bxf6 11. Qc2 Nd7 12. Bf5 g6 13. Bh3 O-O 14. Ne2 c6 15.
O-O cxd5 16. cxd5 Bg5 17. Ne4 Be7 18. N4c3 a6 19. e4 Kg7 20. a4 Qc7 21. a5 Bg5
22. b4 Qc4 23. Rab1 h5 24. Qb3 Qxb3 25. Rxb3 f5 26. f4 Bxf4 27. Nxf4 exf4 28.
exf5 gxf5 29. Ne2 Ne5 30. Nxf4 Kh6 31. Rc3 Rf7 32. Ne6 Ng4 33. Bxg4 hxg4 34.
Nc7 Rb8 35. Ne8 Rd7 36. Rxf5 Rd8 37. Rf6+ Kg5 38. h4+ Kxh4 39. Nxd6 Kg5 40.
Ne4+ Kh5 41. d6 b6 42. axb6 g3 43. Rc5+ Kh4 44. Rf4+ 1-0

[Event "36th Teams Ch-GR"]
[Site "Kallithea Halkidiki"]
[Date "2008.07.07"]
[Round "3.8"]
[White "Pandelias, Emmanouil"]
[Black "Kousidis, Vergis"]
[Result "1-0"]
[WhiteElo "2053"]
[BlackElo "1870"]
[PlyCount "137"]
[EventDate "2008.07.06"]
[WhiteTeam "SO HERAKLIOU"]
[BlackTeam "OFS KAVALAS"]

1. d4 d5 2. Nf3 e6 3. c4 c5 4. cxd5 exd5 5. Nc3 Nc6 6. Bg5 f6 7. Bf4 Be6 8. e3
a6 9. Be2 Nge7 10. dxc5 Ng6 11. Bd6 Bxd6 12. cxd6 Qxd6 13. Nd4 Nxd4 14. Qxd4
O-O 15. Bf3 Ne7 16. O-O Rfd8 17. Ne2 Nc6 18. Qd2 Ne5 19. Nd4 Nc4 20. Qe2 Bf7
21. Rfd1 Qb4 22. b3 Ne5 23. Qd2 Nxf3+ 24. Nxf3 Qe4 25. Qd3 Rac8 26. Nd4 Rc7 27.
Qd2 Rdc8 28. Rac1 Qe5 29. Qb2 h6 30. h3 Kh8 31. Rxc7 Qxc7 32. Rd2 Bg6 33. Ne2
Bf7 34. Nf4 Qc6 35. Kh2 Qd6 36. Kh1 Qc6 37. Qb1 Qc1+ 38. Qxc1 Rxc1+ 39. Kh2 Rc5
40. h4 g5 41. hxg5 hxg5 42. Ne2 Rc7 43. Kg3 Kg7 44. Nd4 Kg6 45. b4 Rc4 46. Rb2
b5 47. Nf3 Be6 48. Rb3 Bf7 49. Nd4 Bg8 50. a3 Bf7 51. Rd3 Bg8 52. Nb3 Rc6 53.
Nc5 Bf7 54. Rd1 Kg7 55. Rc1 Kg6 56. Kf3 Bg8 57. Ke2 Bf7 58. Kd2 Bg8 59. Nb3
Rxc1 60. Kxc1 Be6 61. Nc5 Bc8 62. Kc2 Kf5 63. Kc3 Ke5 64. f3 Kd6 65. Kd4 f5 66.
g3 g4 67. f4 a5 68. bxa5 Kc6 69. a6 1-0

[Event "36th Teams Ch-GR"]
[Site "Kallithea Halkidiki"]
[Date "2008.07.07"]
[Round "3.9"]
[White "Zalahoras, Nikolaos"]
[Black "Ris, Robert"]
[Result "0-1"]
[WhiteElo "2181"]
[BlackElo "2415"]
[PlyCount "72"]
[EventDate "2008.07.06"]
[WhiteTeam "PANATHLITIKOS SF SYKEON"]
[BlackTeam "OAA HERAKLIO"]

1. c4 Nf6 2. Nc3 d5 3. cxd5 Nxd5 4. e4 Nb4 5. Bc4 Nd3+ 6. Ke2 Ne5 7. Bb5+ c6 8.
d4 Ng6 9. Bc4 e5 10. Qb3 Qc7 11. d5 Bc5 12. h4 O-O 13. g3 Ne7 14. Bg5 cxd5 15.
exd5 Nf5 16. Nf3 e4 17. Nxe4 Re8 18. Kd3 Rxe4 19. Kxe4 Nd6+ 20. Kd3 b5 21. Bxb5
Nxb5 22. Rhe1 Nd6 23. Rac1 Ba6+ 24. Kd2 Nd7 25. Qa4 Qb7 26. Kc2 Rb8 27. b3 Bb5
28. Qg4 h5 29. Qf4 f6 30. Re7 fxg5 31. Qxg5 Nf7 32. Rxf7 Kxf7 33. Qf5+ Kg8 34.
Qe6+ Kh8 35. Ng5 Nf8 36. Qf5 Qc8 0-1

[Event "36th Teams Ch-GR"]
[Site "Kallithea Halkidiki"]
[Date "2008.07.07"]
[Round "3.9"]
[White "Mastrokoukos, Georgios"]
[Black "Loukopoulos, Spyridon"]
[Result "1/2-1/2"]
[WhiteElo "2325"]
[BlackElo "2119"]
[PlyCount "73"]
[EventDate "2008.07.06"]
[WhiteTeam "OAA HERAKLIO"]
[BlackTeam "PANATHLITIKOS SF SYKEON"]

1. d4 Nf6 2. Nf3 g6 3. c4 Bg7 4. g3 O-O 5. Bg2 d6 6. O-O Nbd7 7. Qc2 e5 8. dxe5
dxe5 9. Rd1 Qe7 10. b3 Rd8 11. Ba3 Qe8 12. e4 Nh5 13. Nc3 c6 14. Qd2 Bf6 15.
Qe3 Nf8 16. Bd6 Bg4 17. h3 Bxf3 18. Bxf3 Ng7 19. c5 Nge6 20. h4 h5 21. Be2 Nd4
22. Bc4 Nfe6 23. Rd2 Rd7 24. Ne2 Nxe2+ 25. Qxe2 Nd4 26. Qe3 b6 27. Rad1 Rad8
28. Kg2 b5 29. Bf1 Qe6 30. f4 exf4 31. Qxf4 Rxd6 32. cxd6 Be5 33. Qe3 Qxd6 34.
Be2 c5 35. Bxb5 Nc2 36. Rxd6 Nxe3+ 37. Kf3 1/2-1/2

[Event "36th Teams Ch-GR"]
[Site "Kallithea Halkidiki"]
[Date "2008.07.07"]
[Round "3.10"]
[White "Koukoufikis, Georgios"]
[Black "Gesos, Pavlos"]
[Result "0-1"]
[WhiteElo "2224"]
[BlackElo "2321"]
[PlyCount "34"]
[EventDate "2008.07.06"]
[WhiteTeam "SO IKARIAS I. TZELEPIS"]
[BlackTeam "SO KALLITHEAS"]

1. e4 c5 2. Nf3 e6 3. Nc3 d6 4. g3 Nf6 5. Bg2 Be7 6. O-O O-O 7. d4 cxd4 8. Nxd4
a6 9. Be3 Qc7 10. f4 Nc6 11. f5 Ne5 12. Kh1 b5 13. h3 Nc4 14. Bc1 b4 15. Nb1 e5
16. Nb3 Bb7 17. N3d2 Ne3 0-1

[Event "36th Teams Ch-GR"]
[Site "Kallithea Halkidiki"]
[Date "2008.07.07"]
[Round "3.10"]
[White "Hrisanthopoulos, Dimitrios"]
[Black "Siempos, Konstantinos"]
[Result "1-0"]
[WhiteElo "2175"]
[BlackElo "1975"]
[PlyCount "55"]
[EventDate "2008.07.06"]
[WhiteTeam "SO KALLITHEAS"]
[BlackTeam "SO IKARIAS I. TZELEPIS"]

1. e4 c5 2. Nf3 Nc6 3. Bb5 g6 4. c3 Bg7 5. O-O a6 6. Bxc6 bxc6 7. d4 cxd4 8.
cxd4 d6 9. h3 Nf6 10. Nc3 O-O 11. Re1 e6 12. Qc2 Bb7 13. Be3 Qa5 14. b4 Qd8 15.
Rab1 Nd7 16. Red1 Qe7 17. a4 Rac8 18. a5 e5 19. dxe5 dxe5 20. Na4 Rfd8 21. Qc4
h6 22. Nb6 Nxb6 23. Bxb6 Rxd1+ 24. Rxd1 Kh7 25. Qd3 Re8 26. Qd7 Bf6 27. Bc5 Bc8
28. Bxe7 1-0

[Event "36th Teams Ch-GR"]
[Site "Kallithea Halkidiki"]
[Date "2008.07.07"]
[Round "3.10"]
[White "Vazouras, Theodoros"]
[Black "Nearhou, Anastasios"]
[Result "1/2-1/2"]
[WhiteElo "1912"]
[BlackElo "1946"]
[PlyCount "108"]
[EventDate "2008.07.06"]
[WhiteTeam "SO IKARIAS I. TZELEPIS"]
[BlackTeam "SO KALLITHEAS"]

1. c4 Nf6 2. Nc3 g6 3. g3 Bg7 4. Bg2 O-O 5. Nf3 d6 6. O-O c6 7. d4 Nbd7 8. e4
e5 9. dxe5 dxe5 10. h3 Qc7 11. Be3 Rd8 12. Qe2 Nf8 13. Rfd1 Be6 14. b3 Ne8 15.
Rac1 Rxd1+ 16. Rxd1 Rd8 17. Rxd8 Qxd8 18. Bxa7 Qa5 19. Be3 Nd7 20. Na4 Bxc4 21.
Qd2 Qxd2 22. Nxd2 Be6 23. Nc5 Nxc5 24. Bxc5 Nc7 25. Bf1 b5 26. Be3 Bf8 27. g4
f5 28. exf5 gxf5 29. gxf5 Bxf5 30. Bg2 Nd5 31. Ba7 b4 32. Bb8 e4 33. Nxe4 Bxe4
34. Bxe4 Nc3 35. Bxc6 Bc5 36. Be5 Nxa2 37. Bd5+ Kf8 38. Kf1 Nc3 39. Bxc3 bxc3
40. Be4 h6 41. Ke2 Ke7 42. f3 Bd6 43. Kd3 Be5 44. Kc4 Kf6 45. Kd5 Bg3 46. b4
Kg5 47. Kd4 Kh4 48. Kxc3 Kxh3 49. Kd3 Bf4 50. Bf5+ Kh4 51. b5 h5 52. b6 Kg3 53.
Ke4 Bb8 54. Be6 h4 1/2-1/2

[Event "36th Teams Ch-GR"]
[Site "Kallithea Halkidiki"]
[Date "2008.07.07"]
[Round "3.10"]
[White "Pappas, Stergios"]
[Black "Kapagiannidis, Dimitrios"]
[Result "1-0"]
[WhiteElo "1914"]
[BlackElo "1909"]
[PlyCount "59"]
[EventDate "2008.07.06"]
[WhiteTeam "SO KALLITHEAS"]
[BlackTeam "SO IKARIAS I. TZELEPIS"]

1. d4 Nf6 2. c4 g6 3. Nc3 Bg7 4. e4 d6 5. Nf3 O-O 6. Be2 e5 7. Be3 Nc6 8. d5
Ne7 9. c5 Ng4 10. cxd6 cxd6 11. Bg5 h6 12. Bd2 f5 13. Qc2 Qb6 14. O-O fxe4 15.
Qxe4 Bf5 16. Qa4 Nf6 17. Bc4 Rfc8 18. Nxe5 Qxb2 19. Nf3 Bc2 20. Bb3 Bxb3 21.
axb3 Nexd5 22. Nxd5 Nxd5 23. Qd7 Nf6 24. Qxd6 Rc6 25. Qb4 Rb6 26. Qc4+ Kh7 27.
Rfb1 Rc6 28. Rxb2 Rxc4 29. bxc4 Ne4 30. Rxb7 1-0

[Event "36th Teams Ch-GR"]
[Site "Kallithea Halkidiki"]
[Date "2008.07.08"]
[Round "4.1"]
[White "Harikrishna, Pentala"]
[Black "Ivanisevic, Ivan"]
[Result "1-0"]
[WhiteElo "2668"]
[BlackElo "2664"]
[PlyCount "143"]
[EventDate "2008.07.06"]
[WhiteTeam "SO KAVALAS"]
[BlackTeam "SO POLICHNIS"]

1. d4 Nf6 2. c4 e6 3. Nf3 c5 4. d5 d6 5. Nc3 g6 6. h3 Bg7 7. e4 O-O 8. Bd3 Na6
9. O-O e5 10. Rb1 Kh8 11. a3 Ng8 12. Nh2 f5 13. f4 exf4 14. Bxf4 g5 15. Bd2 f4
16. Qh5 h6 17. h4 Nf6 18. Qg6 Bd7 19. hxg5 Be8 20. Qxg7+ Kxg7 21. gxf6+ Rxf6
22. Ne2 Nb8 23. Nxf4 Nd7 24. Ng4 Rxf4 25. Rxf4 Ne5 26. Nxe5 dxe5 27. Rf5 Bg6
28. Rxe5 Qh4 29. Bc3 Kg8 30. Rf1 Rf8 31. d6 Qg3 32. Re6 Rxf1+ 33. Bxf1 Qe3+ 34.
Kh2 Bxe4 35. Re8+ Kf7 36. Re7+ Kf8 37. Bg7+ Kg8 38. Be5 Bc6 39. b4 Qe1 40. b5
Bd7 41. Bg3 Qxf1 42. Rxd7 Qf5 43. Re7 Qh5+ 44. Kg1 Qd1+ 45. Re1 Qd4+ 46. Kh2
Qg4 47. Re5 b6 48. Rd5 Qd7 49. Bf4 Qg4 50. Bg3 Qd7 51. Rd3 Qf5 52. Rf3 Qg4 53.
Rf4 Qd1 54. Rh4 Kh7 55. Bf4 h5 56. Bg3 Kg6 57. Re4 Kf5 58. Rf4+ Kg5 59. a4 Kg6
60. Re4 Kf5 61. Rh4 Kg5 62. Rh3 Kf5 63. Rh4 Kg5 64. Rf4 Kg6 65. Re4 Kf5 66.
Re5+ Kg4 67. Re7 Qd3 68. Be5 Kf5 69. d7 Qxc4 70. Bg3 Qd3 71. Bc7 Qc4 72. d8=Q
1-0

[Event "36th Teams Ch-GR"]
[Site "Kallithea Halkidiki"]
[Date "2008.07.08"]
[Round "4.1"]
[White "Likavsky, Tomas"]
[Black "Kotronias, Vasilios"]
[Result "1-0"]
[WhiteElo "2485"]
[BlackElo "2574"]
[PlyCount "71"]
[EventDate "2008.07.06"]
[WhiteTeam "SO POLICHNIS"]
[BlackTeam "SO KAVALAS"]

1. d4 Nf6 2. c4 g6 3. Nc3 Bg7 4. e4 d6 5. Nf3 O-O 6. Be2 e5 7. Be3 Na6 8. O-O
Ng4 9. Bg5 Qe8 10. dxe5 h6 11. Bh4 Nxe5 12. Nd4 g5 13. Bg3 Ng6 14. Re1 Qd8 15.
Qd2 Be5 16. Rad1 Nc5 17. b4 Ne6 18. Nf5 Nef4 19. Nxh6+ Kh7 20. Nf5 Qf6 21. Nd5
Nxd5 22. Bxe5 Qxe5 23. cxd5 Bxf5 24. exf5 Qxf5 25. Bd3 Qf6 26. Rc1 Rac8 27. Re3
Kg7 28. Rf3 Qd8 29. Bf5 Rb8 30. Bxg6 Kxg6 31. Qd3+ Kg7 32. h4 gxh4 33. Qf5 Kh6
34. Rc4 Qe7 35. Re4 Qg5 36. Qh3 1-0

[Event "36th Teams Ch-GR"]
[Site "Kallithea Halkidiki"]
[Date "2008.07.08"]
[Round "4.1"]
[White "Papaioannou, Ioannis"]
[Black "Theofilopoulos, Aris"]
[Result "1-0"]
[WhiteElo "2591"]
[BlackElo "2202"]
[PlyCount "69"]
[EventDate "2008.07.06"]
[WhiteTeam "SO KAVALAS"]
[BlackTeam "SO POLICHNIS"]

1. d4 Nf6 2. c4 e6 3. g3 d5 4. Bg2 Nbd7 5. Nf3 c6 6. O-O Bd6 7. Nc3 O-O 8. Nd2
dxc4 9. Nxc4 Bb8 10. Bf4 Bxf4 11. gxf4 Nd5 12. e3 f5 13. Kh1 Rf6 14. Rc1 Rh6
15. Qf3 Nf8 16. Ne5 Qh4 17. h3 Ng6 18. Nxd5 exd5 19. b4 Qe7 20. b5 Nxe5 21.
dxe5 Bd7 22. Rfd1 Be8 23. bxc6 bxc6 24. Qe2 Bh5 25. f3 g5 26. Qa6 Bxf3 27. Bxf3
Rxh3+ 28. Kg2 g4 29. Qxc6 Rf8 30. Bxd5+ Kh8 31. Qd6 Rh2+ 32. Kxh2 Qh4+ 33. Kg1
Qg3+ 34. Bg2 Qxe3+ 35. Kh1 1-0

[Event "36th Teams Ch-GR"]
[Site "Kallithea Halkidiki"]
[Date "2008.07.08"]
[Round "4.1"]
[White "Skembris, Spyridon"]
[Black "Lazaridis, Har"]
[Result "1-0"]
[WhiteElo "2415"]
[BlackElo "2086"]
[PlyCount "55"]
[EventDate "2008.07.06"]
[WhiteTeam "SO KAVALAS"]
[BlackTeam "SO POLICHNIS"]

1. d4 d5 2. c4 e6 3. Nc3 Nf6 4. Nf3 Be7 5. Bg5 O-O 6. e3 Nbd7 7. Rc1 c6 8. a3
dxc4 9. Bxc4 b5 10. Bd3 a6 11. Bxf6 Bxf6 12. Ne4 e5 13. Nxf6+ Qxf6 14. Qc2 exd4
15. Nxd4 c5 16. Bxh7+ Kh8 17. Be4 Ra7 18. Nf3 c4 19. Qc3 Qe7 20. Bc2 Bb7 21.
Rd1 Bxf3 22. gxf3 Ne5 23. Ke2 f5 24. Rd5 Ng6 25. Qd4 Nh4 26. Rg1 Rc7 27. Rd6
Kg8 28. Rh6 1-0

[Event "36th Teams Ch-GR"]
[Site "Kallithea Halkidiki"]
[Date "2008.07.08"]
[Round "4.2"]
[White "Atalik, Suat"]
[Black "Jobava, Baadur"]
[Result "1-0"]
[WhiteElo "2585"]
[BlackElo "2665"]
[PlyCount "64"]
[EventDate "2008.07.06"]
[WhiteTeam "SA THES/NIKIS O GALAXIAS"]
[BlackTeam "AO KYDON CHANION"]

1. d4 Nf6 2. c4 e6 3. Nf3 c5 4. d5 exd5 5. cxd5 d6 6. Nc3 a6 7. a4 g6 8. Nd2
Nbd7 9. e4 Bg7 10. Be2 O-O 11. O-O Re8 12. f4 c4 13. Kh1 Nc5 14. e5 dxe5 15.
fxe5 Rxe5 16. Nxc4 Re8 17. Bg5 Bf5 18. d6 h6 19. Bh4 Kh7 20. a5 Rc8 21. d7 Qxd7
22. Nd6 Bc2 23. Nxe8 Bxd1 24. Nxf6+ Bxf6 25. Raxd1 Bd4 26. Bc4 Bxc3 27. bxc3
Qa4 28. Rxf7+ Kg8 29. Rc7+ Qxc4 30. Rxc8+ Kf7 31. Rc7+ Ke6 32. Re1+ Kf5 1-0